[Event "Paul Keres mem (28th)"]
[Site "Vancouver CAN"]
[Date "2003.05.19"]
[Round "6"]
[White "McCusky, Louis"]
[Black "Harris, Philip"]
[Result "0-1"]
[WhiteElo "1527"]
[BlackElo "1998"]
[PlyCount "114"]
[EventDate "2003.05.16"]
[EventType "swiss"]
[EventRounds "7"]
[EventCountry "CAN"]
[Source "Mark Crowther"]
[SourceDate "2003.05.26"]

1. e4 c6 2. d4 d5 3. Nc3 dxe4 4. Nxe4 Nf6 5. Ng3 c5 6. Nf3 Nc6 7. Bb5 Qa5+ 8.
c3 Qxb5 9. d5 Nd8 10. Ne5 c4 11. Qd4 Qxd5 12. O-O Qxd4 13. cxd4 Nc6 14. Nxc6
bxc6 15. Bg5 e6 16. Bxf6 gxf6 17. Ne4 Be7 18. Nc3 Rb8 19. Na4 Rb4 20. b3 O-O
21. Rac1 Ba6 22. Rfe1 Bb5 23. Nc5 Bxc5 24. dxc5 cxb3 25. Rb1 Bc4 26. axb3 Rxb3
27. Ra1 Rfb8 28. Rxa7 Rb1 29. Ra1 Rxa1 30. Rxa1 Rb5 31. Rc1 Rxc5 32. f4 Kf8 33.
Kf2 Ke7 34. Ke3 Kd6 35. g4 Bd5 36. Ra1 Rc2 37. h4 Rh2 38. Ra7 e5 39. fxe5+ fxe5
40. Ra8 Rxh4 41. Rd8+ Ke6 42. g5 Kf5 43. Rg8 f6 44. Rf8 Kxg5 45. Rd8 Rh3+ 46.
Kf2 Kf4 47. Rb8 e4 48. Rb4 Rb3 49. Rd4 Rb2+ 50. Ke1 Kf3 51. Rd1 f5 52. Kf1 f4
53. Kg1 e3 54. Rf1+ Kg3 55. Re1 f3 56. Rc1 Rh2 57. Rc3 Rh1+ 0-1

[Event "Paul Keres mem (28th)"]
[Site "Vancouver CAN"]
[Date "2003.05.19"]
[Round "6"]
[White "Meng, Fanhao"]
[Black "Orlov, Georgi"]
[Result "0-1"]
[WhiteElo "2211"]
[BlackElo "2583"]
[PlyCount "116"]
[EventDate "2003.05.16"]
[EventType "swiss"]
[EventRounds "7"]
[EventCountry "CAN"]
[Source "Mark Crowther"]
[SourceDate "2003.05.26"]

1. e4 e5 2. Nf3 Nc6 3. Bb5 a6 4. Ba4 d6 5. c3 Bd7 6. O-O Nf6 7. Qe2 g6 8. d4
Qe7 9. dxe5 Nxe5 10. Bxd7+ Nexd7 11. Re1 Bg7 12. c4 O-O 13. Nc3 Rfe8 14. Bg5 h6
15. Be3 Nxe4 16. Nxe4 Qxe4 17. Qd2 Ne5 18. Nxe5 Qxe5 19. Qb4 b6 20. Rab1 Qf5
21. Qd2 h5 22. h3 Re4 23. b3 Rae8 24. Rbd1 Qe5 25. Rf1 Qb2 26. Qxb2 Bxb2 27. a4
a5 28. Rd3 f5 29. Rfd1 Kf7 30. Kf1 Ba3 31. Ra1 Bb4 32. g3 h4 33. gxh4 Rxh4 34.
Kg2 Rhe4 35. Kf3 Rh8 36. Rh1 Rh5 37. Rd5 Bc3 38. Rd3 Be5 39. Kg2 Reh4 40. f4
Bxf4 41. Bf2 Be5 42. Bxh4 Rxh4 43. Rf1 Kf6 44. Rdf3 Re4 45. Kf2 Bd4+ 46. Kg3
Re2 47. Rd3 Be5+ 48. Kf3 Rh2 49. h4 Rxh4 50. Ke2 g5 51. Rdd1 Re4+ 52. Kd3 g4
53. Rg1 Kg5 54. Rdf1 Rd4+ 55. Ke3 f4+ 56. Ke2 Re4+ 57. Kd2 Re3 58. Rb1 g3 0-1

[Event "Paul Keres mem (28th)"]
[Site "Vancouver CAN"]
[Date "2003.05.19"]
[Round "6"]
[White "Milicevic, Dragoljub"]
[Black "Bouvier, Jesse"]
[Result "1/2-1/2"]
[WhiteElo "2224"]
[BlackElo "2081"]
[PlyCount "96"]
[EventDate "2003.05.16"]
[EventType "swiss"]
[EventRounds "7"]
[EventCountry "CAN"]
[Source "Mark Crowther"]
[SourceDate "2003.05.26"]

1. g3 d5 2. Bg2 Nc6 3. d4 Bf5 4. Nf3 Qd7 5. h3 f6 6. Nh4 Bg6 7. Nxg6 hxg6 8. f4
e6 9. c3 f5 10. Be3 Nf6 11. Nd2 Ne7 12. Nf3 c6 13. Ne5 Qc7 14. b4 Nc8 15. Nxg6
Rh6 16. Ne5 Nd6 17. g4 Nfe4 18. g5 Rh8 19. Bd2 g6 20. h4 Qh7 21. Rh3 Bg7 22.
Qb3 Bxe5 23. dxe5 Nc4 24. Bc1 Qc7 25. e3 Qb6 26. Bf1 Qa6 27. a4 b5 28. Ra2 Qb6
29. a5 Qc7 30. Rah2 Rh5 31. Be2 Qh7 32. Bxh5 Qxh5 33. Qd1 Kf7 34. Qxh5 gxh5 35.
g6+ Kg7 36. Ke2 Rh8 37. Kd3 Rh6 38. Rg2 Rh8 39. Rh1 Rh6 40. Ke2 Rh8 41. Rd1 Rd8
42. Rd4 a6 43. Rg1 Rh8 44. Rg2 Rh6 45. Kd3 Rh8 46. Rxe4 dxe4+ 47. Kd4 c5+ 48.
Kxc5 Rc8+ 1/2-1/2

[Event "Paul Keres mem (28th)"]
[Site "Vancouver CAN"]
[Date "2003.05.19"]
[Round "6"]
[White "Niksic, John"]
[Black "Stephens, Desmond"]
[Result "1-0"]
[WhiteElo "2058"]
[BlackElo "1761"]
[PlyCount "59"]
[EventDate "2003.05.16"]
[EventType "swiss"]
[EventRounds "7"]
[EventCountry "CAN"]
[Source "Mark Crowther"]
[SourceDate "2003.05.26"]

1. d4 Nf6 2. Nf3 d6 3. g3 g6 4. Bg2 c6 5. c4 Bg7 6. O-O O-O 7. Nc3 Bg4 8. Ne1
Qd7 9. f3 Bh3 10. e4 Bxg2 11. Kxg2 b5 12. b3 a5 13. Be3 Qb7 14. Rc1 b4 15. Na4
Nbd7 16. Nd3 Rad8 17. Qe2 Ne8 18. h4 f5 19. e5 dxe5 20. Nac5 Nxc5 21. Nxc5 Qc8
22. dxe5 e6 23. Bg5 Nc7 24. Bxd8 Rxd8 25. Rfd1 h6 26. f4 Bf8 27. Rxd8 Qxd8 28.
Rd1 Qe8 29. Nd7 Be7 30. Qf3 1-0

[Event "Paul Keres mem (28th)"]
[Site "Vancouver CAN"]
[Date "2003.05.19"]
[Round "6"]
[White "Schuetzhold, Ralf"]
[Black "Ferguson, Jim"]
[Result "1/2-1/2"]
[WhiteElo "2038"]
[BlackElo "2186"]
[PlyCount "25"]
[EventDate "2003.05.16"]
[EventType "swiss"]
[EventRounds "7"]
[EventCountry "CAN"]
[Source "Mark Crowther"]
[SourceDate "2003.05.26"]

1. e4 c5 2. c3 d5 3. exd5 Qxd5 4. d4 Nf6 5. Nf3 Bg4 6. Nbd2 Nc6 7. Bc4 Bxf3 8.
Qb3 Na5 9. Qb5+ Qd7 10. Nxf3 Nxc4 11. Qxc4 cxd4 12. Qxd4 Qxd4 13. Nxd4 1/2-1/2

[Event "Paul Keres mem (28th)"]
[Site "Vancouver CAN"]
[Date "2003.05.19"]
[Round "6"]
[White "Spears, Nicholas"]
[Black "Neufahrt, Gerhard"]
[Result "1/2-1/2"]
[WhiteElo "2212"]
[BlackElo "2044"]
[PlyCount "110"]
[EventDate "2003.05.16"]
[EventType "swiss"]
[EventRounds "7"]
[EventCountry "CAN"]
[Source "Mark Crowther"]
[SourceDate "2003.05.26"]

1. d4 g6 2. c4 c6 3. Nf3 d6 4. g3 Bg4 5. Bg2 Bg7 6. Nc3 Nd7 7. O-O Bxf3 8. Bxf3
h5 9. Bg5 Bf6 10. h4 Bxg5 11. hxg5 Qa5 12. Qb3 O-O-O 13. Ne4 h4 14. Qe3 f5 15.
b4 Qc7 16. Nc3 e5 17. dxe5 dxe5 18. Qxa7 e4 19. Qa8+ Nb8 20. Nxe4 Ne7 21. Nc5
hxg3 22. Rfd1 gxf2+ 23. Kf1 b6 24. Na6 Qb7 25. Qxb8+ Qxb8 26. Nxb8 Kxb8 27.
Kxf2 Kc7 28. Kg3 Nc8 29. c5 bxc5 30. bxc5 Ne7 31. Rab1 Nd5 32. Bxd5 Rxd5 33.
Rxd5 cxd5 34. Rb6 Ra8 35. Rxg6 Rxa2 36. Re6 Ra4 37. g6 Rg4+ 38. Kf3 d4 39. Rf6
Kc8 40. Rxf5 Rxg6 41. Rd5 Rf6+ 42. Ke4 Rf2 43. Kd3 Kc7 44. Rxd4 Kc6 45. Rc4 Rf5
46. Rc2 Rf8 47. e4 Rd8+ 48. Kc4 Re8 49. Re2 Re5 50. Kd4 Rxc5 51. e5 Rd5+ 52.
Ke4 Rd1 53. Re3 Kd7 54. Rf3 Ke6 55. Rf5 Ke7 1/2-1/2

[Event "Paul Keres mem (28th)"]
[Site "Vancouver CAN"]
[Date "2003.05.19"]
[Round "6"]
[White "Stanford, Mike"]
[Black "Griffiths, Morgan"]
[Result "0-1"]
[WhiteElo "2192"]
[BlackElo "2181"]
[PlyCount "58"]
[EventDate "2003.05.16"]
[EventType "swiss"]
[EventRounds "7"]
[EventCountry "CAN"]
[Source "Mark Crowther"]
[SourceDate "2003.05.26"]

1. e4 d6 2. d4 Nf6 3. Nc3 g6 4. Be3 c6 5. h3 Nbd7 6. f4 b5 7. a3 Nb6 8. b3 Bg7
9. Nf3 O-O 10. Bd3 Bb7 11. e5 Nfd5 12. Nxd5 Nxd5 13. Bd2 c5 14. c3 cxd4 15.
cxd4 Qb6 16. Qe2 Rad8 17. b4 f6 18. exd6 Qxd6 19. f5 Nf4 20. Bxf4 Qxf4 21. fxg6
e5 22. gxh7+ Kh8 23. Bxb5 e4 24. Nd2 Qg3+ 25. Qf2 Qg5 26. Qe2 Qg3+ 27. Qf2 Qc3
28. Ke2 Bh6 29. Rhd1 Bxd2 0-1

[Event "Paul Keres mem (28th)"]
[Site "Vancouver CAN"]
[Date "2003.05.19"]
[Round "6"]
[White "Steininger, Gavin"]
[Black "Chan, James"]
[Result "1/2-1/2"]
[WhiteElo "1869"]
[BlackElo "1965"]
[PlyCount "68"]
[EventDate "2003.05.16"]
[EventType "swiss"]
[EventRounds "7"]
[EventCountry "CAN"]
[Source "Mark Crowther"]
[SourceDate "2003.05.26"]

1. e4 e6 2. d4 d5 3. Nc3 Nf6 4. Bg5 Be7 5. e5 Nfd7 6. h4 a6 7. Bxe7 Qxe7 8. f4
c5 9. Nf3 Nc6 10. Qd2 b5 11. g3 Bb7 12. Bg2 Nb6 13. b3 Rc8 14. Ne2 c4 15. O-O
b4 16. Rac1 c3 17. Qe3 a5 18. Ne1 g6 19. Nd3 Nd7 20. Bf3 h5 21. Bg2 Ba6 22. Kh2
Ra8 23. Rfd1 O-O 24. Rf1 Bxd3 25. Qxd3 Nb6 26. Ng1 a4 27. Nf3 axb3 28. axb3 Ra2
29. Bh3 Qd7 30. Ng5 Ne7 31. g4 hxg4 32. Bxg4 Kg7 33. Kg3 Rh8 34. Rh1 Nf5+
1/2-1/2

[Event "Paul Keres mem (28th)"]
[Site "Vancouver CAN"]
[Date "2003.05.19"]
[Round "6"]
[White "Tang, Edward"]
[Black "Pacheco, Sigfrido"]
[Result "0-1"]
[WhiteElo "1855"]
[BlackElo "2115"]
[PlyCount "74"]
[EventDate "2003.05.16"]
[EventType "swiss"]
[EventRounds "7"]
[EventCountry "CAN"]
[Source "Mark Crowther"]
[SourceDate "2003.05.26"]

1. e4 c5 2. Nf3 e6 3. d4 cxd4 4. Nxd4 Nf6 5. Nc3 d6 6. g4 Nc6 7. g5 Nd7 8. Rg1
a6 9. Be3 Qc7 10. Qh5 g6 11. Qe2 b5 12. Nxc6 Qxc6 13. Bg2 Bb7 14. O-O-O Be7 15.
f4 b4 16. Nd5 exd5 17. Bd4 Rg8 18. exd5 Qb5 19. Qe3 Kd8 20. Rge1 Re8 21. Bf6
Nxf6 22. gxf6 Bxf6 23. Qh3 Rxe1 24. Rxe1 h5 25. f5 Bc8 26. Qg3 Be5 27. Qg5+ f6
28. Qxg6 Qe8 29. Qh7 Bxb2+ 30. Kd1 Be5 31. Bf3 Qd7 32. Qh8+ Kc7 33. Re4 Qb5 34.
Re1 Ra7 35. Qxh5 Kb8 36. Be4 Bc3 37. Rh1 Re7 0-1

[Event "Paul Keres mem (28th)"]
[Site "Vancouver CAN"]
[Date "2003.05.19"]
[Round "6"]
[White "Van Riemsdijk, Herman"]
[Black "Balbutin, Nelson"]
[Result "1-0"]
[WhiteElo "2393"]
[BlackElo "1968"]
[PlyCount "51"]
[EventDate "2003.05.16"]
[EventType "swiss"]
[EventRounds "7"]
[EventCountry "CAN"]
[Source "Mark Crowther"]
[SourceDate "2001.05.14"]

1. e4 c5 2. Nf3 a6 3. c4 Nc6 4. d4 cxd4 5. Nxd4 e6 6. g3 Qc7 7. Nc2 Nf6 8. Bg2
d6 9. O-O Be7 10. b3 O-O 11. Nc3 Rb8 12. Bb2 b5 13. Ne3 Ne5 14. Rc1 Qb6 15. Qe2
Bd7 16. f4 Neg4 17. c5 Qxc5 18. Ncd5 Qa7 19. Rc7 Rb7 20. Rxb7 Qxb7 21. Nxe7+
Kh8 22. Nxg4 Nxg4 23. Qxg4 f6 24. f5 Be8 25. Ng6+ Bxg6 26. fxg6 1-0

[Event "Paul Keres mem (28th)"]
[Site "Vancouver CAN"]
[Date "2003.05.19"]
[Round "6"]
[White "Yoos, John"]
[Black "Kostadinov, Georgi"]
[Result "1-0"]
[WhiteElo "2426"]
[BlackElo "2188"]
[PlyCount "93"]
[EventDate "2003.05.16"]
[EventType "swiss"]
[EventRounds "7"]
[EventCountry "CAN"]
[Source "Mark Crowther"]
[SourceDate "2003.05.26"]

1. e4 c5 2. Nf3 d6 3. d4 cxd4 4. Nxd4 Nf6 5. Nc3 a6 6. Bg5 e6 7. Qd3 Be7 8.
O-O-O Nbd7 9. Be2 Qc7 10. f4 b5 11. Bxf6 gxf6 12. Bf3 Bb7 13. Kb1 Rc8 14. Rhe1
Nc5 15. Qe3 b4 16. Nce2 a5 17. Ng3 a4 18. Rc1 Qb6 19. Bh5 d5 20. Ngf5 exf5 21.
exd5 Ne4 22. Nxf5 Qxe3 23. Rxe3 Bxd5 24. Bf3 Bc5 25. Ree1 Kd7 26. Bxe4 Bxe4 27.
Rxe4 Rhe8 28. Rce1 Rxe4 29. Rxe4 Re8 30. Rxe8 Kxe8 31. Kc1 Bg1 32. h3 Kd7 33.
Kd2 Ke6 34. Ng3 Kd5 35. Kd3 Bb6 36. Ne4 Ke6 37. g4 h6 38. Ng3 Bf2 39. Ne4 Bb6
40. Ng3 Bc5 41. Nf5 Bf8 42. Ke4 Kd7 43. Kd5 Kc7 44. h4 Kd7 45. h5 b3 46. axb3
axb3 47. cxb3 1-0

[Event "Paul Keres mem (28th)"]
[Site "Vancouver CAN"]
[Date "2003.05.19"]
[Round "7"]
[White "Angelvette, Duane"]
[Black "Collins, Casey"]
[Result "1/2-1/2"]
[WhiteElo "1670"]
[BlackElo "1683"]
[PlyCount "58"]
[EventDate "2003.05.16"]
[EventType "swiss"]
[EventRounds "7"]
[EventCountry "CAN"]
[Source "Mark Crowther"]
[SourceDate "2003.05.26"]

1. e4 g6 2. d4 Bg7 3. Nc3 d6 4. Nf3 Nf6 5. h3 O-O 6. Be3 e6 7. Nd2 b6 8. f4 Bb7
9. Bd3 Nbd7 10. O-O c5 11. Nf3 cxd4 12. Bxd4 Nc5 13. e5 dxe5 14. Bxe5 Nxd3 15.
cxd3 Nd5 16. Qe2 f6 17. Nxd5 fxe5 18. Nc3 Bxf3 19. Rxf3 Qd4+ 20. Kh1 Rxf4 21.
Rxf4 Qxf4 22. Rf1 Qb4 23. Qe4 Qxe4 24. Nxe4 h6 25. Kh2 Rc8 26. Rf7 Kxf7 27.
Nd6+ Kf8 28. Nxc8 e4 29. dxe4 Bxb2 1/2-1/2

[Event "Paul Keres mem (28th)"]
[Site "Vancouver CAN"]
[Date "2003.05.19"]
[Round "7"]
[White "Booker, Brad"]
[Black "Kostadinov, Georgi"]
[Result "0-1"]
[WhiteElo "2116"]
[BlackElo "2188"]
[PlyCount "82"]
[EventDate "2003.05.16"]
[EventType "swiss"]
[EventRounds "7"]
[EventCountry "CAN"]
[Source "Mark Crowther"]
[SourceDate "2003.05.26"]

1. Nf3 c5 2. g3 Nc6 3. Bg2 Nf6 4. O-O g6 5. d3 Bg7 6. e4 d6 7. Re1 O-O 8. Nbd2
Ng4 9. h3 Nh6 10. c3 f5 11. Nc4 b5 12. Ne3 e6 13. exf5 gxf5 14. Ng5 Qxg5 15.
Bxc6 Rb8 16. Ng2 Qd8 17. Nf4 Rb6 18. Bg2 Re8 19. Nxe6 Bxe6 20. Rxe6 Rxe6 21.
Bd5 Kh8 22. Bxe6 d5 23. Bxh6 Rxe6 24. Bxg7+ Kxg7 25. Qf3 Qd7 26. Kh2 Re7 27.
Rd1 Qe6 28. d4 c4 29. Rd2 Qe1 30. Rc2 Qf1 31. Qh1 Qd3 32. Qc1 f4 33. gxf4 Kf6
34. Rd2 Qf3 35. Qd1 Qxf4+ 36. Kh1 h5 37. Rc2 Qe4+ 38. f3 Qf5 39. Rh2 Re3 40.
Kg2 Qf4 41. Kg1 Qg3+ 0-1

[Event "Paul Keres mem (28th)"]
[Site "Vancouver CAN"]
[Date "2003.05.19"]
[Round "7"]
[White "Bouvier, Jesse"]
[Black "Beqo, Besnik"]
[Result "1/2-1/2"]
[WhiteElo "2081"]
[BlackElo "2211"]
[PlyCount "64"]
[EventDate "2003.05.16"]
[EventType "swiss"]
[EventRounds "7"]
[EventCountry "CAN"]
[Source "Mark Crowther"]
[SourceDate "2003.05.26"]

1. e4 c5 2. Nf3 Nc6 3. d4 cxd4 4. Nxd4 e5 5. Nb5 d6 6. Be3 a6 7. N5c3 Nf6 8.
Bg5 Be7 9. Bxf6 Bxf6 10. Nd5 Bg5 11. Nbc3 O-O 12. a4 Be6 13. Be2 Nd4 14. O-O f5
15. Bd3 f4 16. f3 Bh4 17. Ne2 Nc6 18. c3 Bxd5 19. exd5 Qb6+ 20. Kh1 Ne7 21. Qc2
g6 22. g4 Bf2 23. a5 Qa7 24. Kg2 Be3 25. h4 Kg7 26. h5 Nxd5 27. Be4 Ne7 28. Qb3
Nc6 29. hxg6 hxg6 30. Qe6 Rf6 31. Qd7+ Rf7 32. Qxd6 Rf6 1/2-1/2

[Event "Paul Keres mem (28th)"]
[Site "Vancouver CAN"]
[Date "2003.05.19"]
[Round "7"]
[White "Davies, Lucas"]
[Black "Harris, Philip"]
[Result "1-0"]
[WhiteElo "1980"]
[BlackElo "1998"]
[PlyCount "31"]
[EventDate "2003.05.16"]
[EventType "swiss"]
[EventRounds "7"]
[EventCountry "CAN"]
[Source "Mark Crowther"]
[SourceDate "2003.05.26"]

1. e4 e5 2. Nf3 Nc6 3. Bc4 Nf6 4. d3 Bc5 5. c3 d6 6. Nbd2 Bg4 7. Nf1 O-O 8. Ng3
Qe7 9. O-O Nd8 10. h3 Bxf3 11. Qxf3 Ne6 12. Nf5 Qd7 13. Nxg7 Kxg7 14. Bh6+ Kg8
15. Qxf6 Rfe8 16. d4 1-0

[Event "Paul Keres mem (28th)"]
[Site "Vancouver CAN"]
[Date "2003.05.19"]
[Round "7"]
[White "Ferguson, Jim"]
[Black "Mandic, Slaven"]
[Result "1/2-1/2"]
[WhiteElo "2186"]
[BlackElo "2037"]
[PlyCount "92"]
[EventDate "2003.05.16"]
[EventType "swiss"]
[EventRounds "7"]
[EventCountry "CAN"]
[Source "Mark Crowther"]
[SourceDate "2003.05.26"]

1. e4 g6 2. d4 Bg7 3. c4 d6 4. Nc3 Nd7 5. Nf3 e5 6. Be2 Ne7 7. O-O O-O 8. dxe5
dxe5 9. Qc2 Nc6 10. Bg5 f6 11. Be3 Nd4 12. Nxd4 exd4 13. Bxd4 c5 14. Be3 b6 15.
Rad1 Qe8 16. Nb5 Qe5 17. Rd5 Qe7 18. Rfd1 Ne5 19. h3 Be6 20. Rd6 Rfd8 21. Rxe6
Qxe6 22. Nc7 Qc6 23. Nxa8 Qxa8 24. Rxd8+ Qxd8 25. Qd2 Qxd2 26. Bxd2 Nc6 27. b3
Kf7 28. Bg4 h5 29. Bc8 Bf8 30. Bf4 Ne5 31. Kf1 Bd6 32. Bd2 Nc6 33. Bb7 Nd4 34.
f4 Ke7 35. Kf2 Ke6 36. g4 hxg4 37. hxg4 Ke7 38. Bd5 Bc7 39. Bc1 Bb8 40. Ke3
Bxf4+ 41. Kxf4 Ne2+ 42. Ke3 Nxc1 43. e5 fxe5 44. Be4 Nxa2 45. Bxg6 Kf6 46. Bf5
Nb4 1/2-1/2

[Event "Paul Keres mem (28th)"]
[Site "Vancouver CAN"]
[Date "2003.05.19"]
[Round "7"]
[White "Fullbrook, Nigel"]
[Black "Balbutin, Nelson"]
[Result "1/2-1/2"]
[WhiteElo "2175"]
[BlackElo "1968"]
[PlyCount "57"]
[EventDate "2003.05.16"]
[EventType "swiss"]
[EventRounds "7"]
[EventCountry "CAN"]
[Source "Mark Crowther"]
[SourceDate "2003.05.26"]

1. e4 c5 2. Nf3 d6 3. d4 cxd4 4. Nxd4 Nf6 5. Nc3 e6 6. g4 h6 7. g5 hxg5 8. Bxg5
a6 9. Bg2 Qc7 10. Qe2 Nc6 11. O-O-O Bd7 12. f4 Nxd4 13. Rxd4 Bc6 14. Nd5 Bxd5
15. exd5 e5 16. Rc4 Qb8 17. fxe5 dxe5 18. Bxf6 gxf6 19. Qg4 Bh6+ 20. Kb1 Ke7
21. d6+ Qxd6 22. Rd1 Bd2 23. Rc3 Rad8 24. Rd3 Qb4 25. Qxb4+ Bxb4 26. Rxd8 Rxd8
27. Rxd8 Kxd8 28. Bxb7 a5 29. c3 1/2-1/2

[Event "Paul Keres mem (28th)"]
[Site "Vancouver CAN"]
[Date "2003.05.19"]
[Round "7"]
[White "Griffiths, Morgan"]
[Black "Basanta, Gary"]
[Result "1-0"]
[WhiteElo "2181"]
[BlackElo "2410"]
[PlyCount "67"]
[EventDate "2003.05.16"]
[EventType "swiss"]
[EventRounds "7"]
[EventCountry "CAN"]
[Source "Mark Crowther"]
[SourceDate "2003.05.26"]

1. d4 Nf6 2. c4 c5 3. d5 b5 4. cxb5 e6 5. dxe6 fxe6 6. Nf3 d5 7. Nbd2 Bd6 8. g3
a6 9. bxa6 Bxa6 10. Bh3 Qe7 11. O-O O-O 12. Re1 Nc6 13. e4 dxe4 14. Nxe4 Nxe4
15. Rxe4 e5 16. Bg5 Qc7 17. Be6+ Kh8 18. Nh4 g6 19. Bd5 Nd4 20. Nxg6+ Kg7 21.
Rxd4 Rf5 22. Qh5 Rxg5 23. Qxg5 h6 24. Qh5 cxd4 25. Bxa8 Bd3 26. Nh4 Qc2 27. Bd5
Qc7 28. Nf5+ Kf6 29. Nxd6 Bg6 30. Ne8+ Bxe8 31. Qxe8 d3 32. Rd1 Qc2 33. Qf7+
Kg5 34. h4+ 1-0

[Event "Paul Keres mem (28th)"]
[Site "Vancouver CAN"]
[Date "2003.05.19"]
[Round "7"]
[White "Krzyzowski, Ernest"]
[Black "Martinson, Rick"]
[Result "1/2-1/2"]
[WhiteElo "1811"]
[BlackElo "1810"]
[PlyCount "57"]
[EventDate "2003.05.16"]
[EventType "swiss"]
[EventRounds "7"]
[EventCountry "CAN"]
[Source "Mark Crowther"]
[SourceDate "2003.05.26"]

1. c4 Nf6 2. Nc3 g6 3. e4 d6 4. d3 Bg7 5. Nge2 e5 6. f3 O-O 7. Be3 Nh5 8. g4
Nf6 9. h4 Nxg4 10. fxg4 Bxg4 11. Qd2 f5 12. O-O-O f4 13. Bf2 Nc6 14. Bh3 h5 15.
Rdg1 Qd7 16. Bxg4 hxg4 17. h5 gxh5 18. Rxh5 g3 19. Nxg3 Qg4 20. Rhh1 fxg3 21.
Rxg3 Qf4 22. Qxf4 exf4 23. Rg5 Rf7 24. Nd5 Ne5 25. Kc2 c6 26. Nc3 a6 27. b3 Rd8
28. Rh3 Kf8 29. a4 1/2-1/2

[Event "Paul Keres mem (28th)"]
[Site "Vancouver CAN"]
[Date "2003.05.19"]
[Round "7"]
[White "Moura, Eduardo"]
[Black "Tang, Edward"]
[Result "1/2-1/2"]
[WhiteElo "2146"]
[BlackElo "1855"]
[PlyCount "35"]
[EventDate "2003.05.16"]
[EventType "swiss"]
[EventRounds "7"]
[EventCountry "CAN"]
[Source "Mark Crowther"]
[SourceDate "2003.05.26"]

1. e4 c5 2. Nf3 d6 3. d4 cxd4 4. Qxd4 a6 5. Bg5 Nc6 6. Qd2 g6 7. c4 Bg7 8. Nc3
Bg4 9. Nd5 Bxf3 10. gxf3 Nd4 11. Bg2 Ne6 12. Be3 Rc8 13. Rc1 h5 14. O-O Nf6 15.
Bh3 Rc6 16. Kh1 Nc5 17. Bd4 e6 18. Nxf6+ 1/2-1/2

[Event "Paul Keres mem (28th)"]
[Site "Vancouver CAN"]
[Date "2003.05.19"]
[Round "7"]
[White "Neufahrt, Gerhard"]
[Black "Franett, Michael"]
[Result "1/2-1/2"]
[WhiteElo "2044"]
[BlackElo "2095"]
[PlyCount "133"]
[EventDate "2003.05.16"]
[EventType "swiss"]
[EventRounds "7"]
[EventCountry "CAN"]
[Source "Mark Crowther"]
[SourceDate "2003.05.26"]

1. d4 d6 2. Nf3 Bg4 3. Bf4 Nd7 4. Nc3 Bxf3 5. exf3 e5 6. Bg3 exd4 7. Qxd4 Ngf6
8. O-O-O Be7 9. Re1 O-O 10. Bc4 Nb6 11. Bd3 d5 12. Qe5 Bd6 13. Qf5 g6 14. Qg5
Nh5 15. Qh6 Qf6 16. Bxd6 Qxd6 17. Nb5 Qf4+ 18. Qxf4 Nxf4 19. Re7 a6 20. Nc3
Rfc8 21. Rhe1 Nxg2 22. Rd1 Kf8 23. Re2 c6 24. Red2 Nf4 25. Bf1 c5 26. Ne2 Nxe2+
27. Bxe2 Re8 28. f4 Re4 29. f5 Rf4 30. fxg6 hxg6 31. Bf1 Re8 32. b3 Re7 33. c3
Rg4 34. Rd3 Re5 35. Re3 Rxe3 36. fxe3 Rg5 37. Rd2 Ke7 38. Bg2 Ke6 39. Bh3+ Ke5
40. Rf2 Rg1+ 41. Kc2 f5 42. Rg2 Rh1 43. Rxg6 Rxh2+ 44. Bg2 Nc8 45. Kd3 Nd6 46.
Ke2 Ne4 47. c4 d4 48. Rg8 dxe3 49. Kxe3 Nf6 50. Rg7 b5 51. Rc7 Kd6 52. Rg7 bxc4
53. bxc4 Rh4 54. Bf1 Re4+ 55. Kf3 Ng4 56. Rg6+ Ke5 57. Rxa6 Nh2+ 58. Kg2 Nxf1
59. Kxf1 Rxc4 60. a4 Rc2 61. a5 Ke4 62. Ra8 Ra2 63. a6 Kf3 64. Ke1 f4 65. a7 c4
66. Kd1 c3 67. Rc8 1/2-1/2

[Event "Paul Keres mem (28th)"]
[Site "Vancouver CAN"]
[Date "2003.05.19"]
[Round "7"]
[White "North, Robert"]
[Black "Fleming, Balin"]
[Result "1/2-1/2"]
[WhiteElo "2156"]
[BlackElo "1974"]
[PlyCount "42"]
[EventDate "2003.05.16"]
[EventType "swiss"]
[EventRounds "7"]
[EventCountry "CAN"]
[Source "Mark Crowther"]
[SourceDate "2003.05.26"]

1. c4 Nf6 2. g3 e5 3. Bg2 Nc6 4. Nc3 g6 5. e4 Bg7 6. Nge2 O-O 7. O-O d6 8. d3
Be6 9. Nd5 h6 10. h3 Kh7 11. g4 Ne7 12. Ng3 c6 13. Nxf6+ Bxf6 14. Qb3 Qb6 15.
Qxb6 axb6 16. Be3 c5 17. a4 Nc6 18. b3 Bg5 19. Ne2 Nb4 20. Bxg5 hxg5 21. Nc3
Bd7 1/2-1/2

[Event "Paul Keres mem (28th)"]
[Site "Vancouver CAN"]
[Date "2003.05.19"]
[Round "7"]
[White "Oszvald, Joseph"]
[Black "Meng, Fanhao"]
[Result "0-1"]
[WhiteElo "2097"]
[BlackElo "2211"]
[PlyCount "102"]
[EventDate "2003.05.16"]
[EventType "swiss"]
[EventRounds "7"]
[EventCountry "CAN"]
[Source "Mark Crowther"]
[SourceDate "2003.05.26"]

1. c4 c6 2. e4 d5 3. exd5 cxd5 4. d4 e6 5. Nf3 Nf6 6. a3 Be7 7. c5 a5 8. Bb5+
Bd7 9. Nc3 b6 10. Be3 O-O 11. O-O Ne4 12. Bxd7 Nxc3 13. bxc3 Nxd7 14. c6 Nb8
15. Qa4 Qc7 16. Ne5 f6 17. Nd7 Nxd7 18. cxd7 Rfd8 19. Rab1 Rab8 20. Rfc1 Qxd7
21. Rb5 Bxa3 22. Rcb1 Bd6 23. Qb3 Qc7 24. g3 Qc4 25. Qxc4 dxc4 26. Rxb6 a4 27.
Bc1 Bc7 28. Rxb8 Rxb8 29. Ra1 Bd6 30. Kg2 Ra8 31. Kf3 Kf7 32. Ke4 f5+ 33. Ke3
Ke7 34. h3 Kd7 35. g4 g6 36. f3 Kc6 37. f4 Kb5 38. Rb1+ Ka6 39. Ra1 Ka5 40. Rb1
Rb8 41. Rxb8 Bxb8 42. Ba3 Kb5 43. gxf5 gxf5 44. Kf3 Kc6 45. Kg3 Kd5 46. Kf3 Bd6
47. Bc1 a3 48. Ke3 a2 49. Bb2 Ba3 50. Ba1 Bc1+ 51. Kf3 h6 0-1

[Event "Paul Keres mem (28th)"]
[Site "Vancouver CAN"]
[Date "2003.05.19"]
[Round "7"]
[White "Schuetzhold, Ralf"]
[Black "Spears, Nicholas"]
[Result "1/2-1/2"]
[WhiteElo "2038"]
[BlackElo "2212"]
[PlyCount "51"]
[EventDate "2003.05.16"]
[EventType "swiss"]
[EventRounds "7"]
[EventCountry "CAN"]
[Source "Mark Crowther"]
[SourceDate "2003.05.26"]

1. e4 e6 2. d4 d5 3. Nc3 Nf6 4. Bg5 Bb4 5. a3 Bxc3+ 6. bxc3 dxe4 7. f3 Qd5 8.
Bh4 Nbd7 9. Be2 c5 10. Nh3 cxd4 11. cxd4 exf3 12. Bxf3 Qa5+ 13. Qd2 Qxd2+ 14.
Kxd2 Nb6 15. Nf4 Nfd5 16. Nxd5 exd5 17. Rhe1+ Be6 18. Bg3 Kd7 19. Be5 Nc4+ 20.
Kc1 Nxe5 21. Rxe5 Kd6 22. c3 Rac8 23. Kd2 Rc4 24. Ree1 Rhc8 25. Rec1 R8c6 26.
Be2 1/2-1/2

[Event "Paul Keres mem (28th)"]
[Site "Vancouver CAN"]
[Date "2003.05.19"]
[Round "7"]
[White "Steininger, Gavin"]
[Black "Kosinski, George"]
[Result "1-0"]
[WhiteElo "1869"]
[BlackElo "2001"]
[PlyCount "57"]
[EventDate "2003.05.16"]
[EventType "swiss"]
[EventRounds "7"]
[EventCountry "CAN"]
[Source "Mark Crowther"]
[SourceDate "2003.05.26"]

1. e4 d6 2. d4 Nf6 3. Nc3 g6 4. Bc4 Bg7 5. f3 Nc6 6. Be3 O-O 7. Qd2 e5 8. Nge2
Nd7 9. h4 Nb6 10. Bb3 Na5 11. Bg5 Nxb3 12. axb3 f6 13. Be3 Bd7 14. g4 f5 15.
gxf5 gxf5 16. Bg5 Qe8 17. O-O-O f4 18. Rdg1 Kh8 19. h5 h6 20. Bh4 Rg8 21. Rg6
Qf7 22. Rhg1 a5 23. dxe5 dxe5 24. Nd5 Nxd5 25. Qxd5 Qxd5 26. Bf6 Qxe4 27. fxe4
Bf5 28. exf5 Bxf6 29. Rxh6# 1-0